Quizzes
Events
Quiz Creation
Community
Videos
Private Events
Remove Ads
Sign In
Join for FREE
Feedback
Dark Mode
Quiz Categories
Sports
Geography
Music
Movies
Television
Just For Fun
Miscellaneous
History
Literature
Language
Science
Gaming
Entertainment
Religion
Holiday
For Kids
Quiz Lab
Recent
Popular Today
Quiz Kudos Today
Editor Picks
Curator Picks
Quizzes by...
Day
Popularity
Type
Ratings
Length
Year
Community
Subscriptions
Recent Discussions
Orange Saloon
Badges
Playlists
Quests
Create
Leaderboards
Showdown
Live 5
Trivia Bingo
Activity
Puzzle Library
Sporcle Events
Private Events
Virtual Trivia
Globe League
Become a Host
Pub Owners
SporcleCon
Opinionation
Our Games
Videos
Blog
Mobile Apps
Partnerships
Remove Ads and Go Orange
Feedback
Music
Pop Music
The Beatles
Song
Album
Lyrics
Bands
Singers
Artist
Clip
Rock
Rap
Classical
Billboard
Country Music
Kpop
Taylor Swift
Music
Pop Music
The Beatles
Song
Album
Lyrics
Bands
Singers
Artist
Clip
Rock
Rap
Classical
Billboard
Country Music
Kpop
Taylor Swift
Random Quiz
Search Sporcle
×
Quiz Lab
Quiz Lab
Music
Song
Type in answers that appear in a list
Type in answers that appear in a list
Classic
Best Score? Go Orange.
Name This Song Stats
Can you name the song by guessing the lyrics?
By
DiscoSpider
10m
183 Questions
193 Plays
193 Plays
193 Plays
Comments
Comments
Give Quiz Kudos
Give Quiz Kudos
-
- Ratings
hide this ad
More Info
Replay
Link that replays current quiz
Next Quiz
Link to next quiz in quiz playlist
You Got
0%
They Got
Avg Score
39%
Avg Friend Score
Upgrade to see
Score Distribution
Jump to the score distribution portion of the page
Score
0/183
Timer
10:00
0
Plays Today
% Correct
the
97.4%
a
97.4%
and
97.4%
the
97.4%
a
97.4%
the
97.4%
the
97.4%
the
97.4%
And
97.4%
and
97.4%
and
97.4%
And
97.4%
the
97.4%
And
97.4%
and
97.4%
the
97.4%
The
97.4%
the
97.4%
a
97.4%
and
97.4%
the
97.4%
a
97.4%
the
97.4%
The
97.4%
The
97.4%
you.
86%
you
85.5%
you
85.5%
you
85.5%
you
85.5%
You
85.5%
you
85.5%
you
85.5%
you
85.5%
to
69.4%
to
69.4%
to
69.4%
to
69.4%
to
69.4%
to
69.4%
to
69.4%
to
69.4%
to
69.4%
to
69.4%
an
68.4%
is
68.4%
is
68.4%
is
68.4%
is
68.4%
is
68.4%
is
68.4%
is
68.4%
No
64.8%
in
63.7%
in
63.7%
in
63.7%
in
63.7%
in
63.7%
on
63.2%
on
63.2%
are
55.4%
% Correct
of
54.4%
of
54.4%
of
54.4%
of
54.4%
for
53.9%
when
52.3%
there
46.6%
your
45.6%
that
43.5%
that
43.5%
one
42.5%
one
42.5%
one
42.5%
time
37.3%
time.
37.3%
time
37.3%
day.
36.8%
day
36.8%
day
36.8%
you're
35.2%
then
34.2%
have
34.2%
up
31.1%
up
31.1%
up
31.1%
or
30.6%
or
30.6%
it's
30.1%
with
29%
way.
28.5%
way.
28.5%
way
28.5%
way.
28.5%
say.
28%
but
27.5%
but
27.5%
life
24.4%
Every
22.8%
gone.
22.3%
got
21.2%
come
21.2%
come
21.2%
make
20.2%
never
20.2%
over.
19.2%
more
19.2%
show
17.1%
something
16.1%
something
16.1%
I'd
15.5%
away
15%
home
15%
someone
15%
home
15%
find
15%
find
15%
told
13.5%
sun
13.5%
sun
13.5%
song
13%
long
12.4%
% Correct
run.
12.4%
run
12.4%
run
12.4%
today.
11.9%
seem
10.9%
around
10.4%
around
10.4%
again.
9.8%
year
9.8%
Thought
9.8%
again.
9.8%
Waiting
8.8%
same
8.8%
young
8.3%
rain.
7.3%
kill
7.3%
town.
6.7%
hours
6.2%
piece
6.2%
ground
6.2%
waste
5.7%
watch
5.7%
behind
5.7%
behind
5.7%
death.
5.7%
getting
5.7%
Ticking
5.2%
moments
5.2%
Fritter
5.2%
years
5.2%
catch
5.2%
older.
5.2%
closer
5.2%
dull
4.7%
Kicking
4.7%
ten
4.7%
lying
4.1%
missed
4.1%
gun.
4.1%
breath
4.1%
Hanging
4.1%
offhand
3.6%
Tired
3.6%
staying
3.6%
starting
3.6%
sinking.
3.6%
relative
3.6%
Shorter
3.6%
shorter,
3.6%
quiet
3.6%
desperation
3.6%
English
3.6%
sunshine,
3.1%
Racing
3.1%
either
3.1%
half
3.1%
lines.
3.1%
naught
2.6%
page
2.6%
scribbled
2.6%
Plans
2.1%
Quiz Playlist
Details
Report
Send in Message
Add To Playlist
More Info:
Can You Name this song by guessing the lyrics? Hint: Classic prog rock band
Classic:
Type in answers that appear in a list
Quiz Source
Last Updated: Feb 16, 2017
Quiz Scoreboard
CHALLENGE
Sign Up to Join the Scoreboard
Show All
Scores
Hide
Comments
May contain spoilers
Recently Published
Pick 6: Fruits
by JohnFran
Miscellaneous
15s
Click the 1999 NBA Draft
by nibperrychub
Sports
2m
Alphabetical 'K' Countries by Flag Minefield
by ylime102
Geography
3m
More to Explore
Quiz From the Vault
Featured Blog Post
15 Basketball Trivia Facts You Can Be March Mad About
hide this ad
You Might Also Like...
Tags
Lyrics Quiz
Song Quiz
Guessing Game
Today's Top Quizzes in Music
Browse Music
hide this ad
Today's Top Quizzes in Song
Browse Song
Top Contributed Quizzes in Music
1
Taylor Swift All Songs (2024)
2
KPOP LOGIC QUIZ
3
A Taylor Swift Logic Puzzle
4
Guess the Taylor Swift song (Mystery Song)
5
Taylor Swift Logic Puzzle
6
K-Pop Murder Mystery Logic Quiz
7
kpop group name match up
8
Guess The Taylor Swift Lyrics Song #1
9
Kpop murder mystery 1
10
K-Pop : 100 Debut Songs (Part 1 of 3)
Explore More
Trending Topics
NBA
Kpop
Anime
Marvel
Disney
Crossword
Harry Potter
Country
Puzzle
NFL
Pokémon
Soccer
WWE
Song
The Office
hide this ad
More By:
DiscoSpider
Quiz
Plays
Rating
Category
Featured
Created
NFL Team Top Receiver 05-09
4,653
4.19
Sports
Oct 23, 2009
Lakers Most Common Lineups
1,537
4.17
Sports
Jul 23, 2014
2000s Pacers Rosters
1,211
5.00
Sports
Dec 6, 2010
Indianapolis Colts First Round Draft Picks
979
3.00
Sports
Oct 8, 2009
Peyton Manning TD Passes
888
4.20
Sports
Jan 21, 2010
Go to Creator's Profile
Score Distribution
Quiz Creator Spotlight
DiscoSpider
Follow
Send a Message
Quizzes Created
-
Created Quiz Play Count
-
More By This Creator
Popular Quizzes Today
1
Countries of Asia Without Outlines Minefield
2
Find the US States - No Outlines Minefield
3
Pick 6: Fruits
4
Alphabetical 'K' Countries by Flag Minefield
5
The Countries of the World
6
Find the US States
7
US States
8
Find the Countries of Europe - No Outlines Minefield
More Music Quizzes
Sung Titles: Shawn Mendes
Curator's Pick
Trending Quizzes
Pick 6: Mountains
Pick 6: Harry Potter
Pick 6: Flags
Pick 6: NFL Teams
Pick 6: Movie Franchises
Recently Updated
NWSL Teams
pecheneg
Women's Final Four Teams by Year
bhenderson79
Presidents Quartet II
eogle
Anything But Clue(do)
eogle
Anything But Oceanian Capitals
eogle
Anything But 7
eogle
Anything But Thing
eogle
Word Ladder: February 29
pecheneg
Song Title Questions
pecheneg
Women's NCAA Tournament #1 Seeds
pecheneg
Trending Topics
NBA
Disney
Anime
Harry Potter
Kpop
Marvel
Crossword
Soccer
Puzzle
The Office
NFL
Pokémon
Country
WWE
Song
Your Account Isn't Verified!
In order to create a playlist on Sporcle, you need to verify the email address you used during registration. Go to your
Sporcle Settings
to finish the process.
Report this User
Report this user for behavior that violates our
Community Guidelines
.
Details:
Send Report
Go to the Sporcle.com Mobile Site →
Comments